[Event "FRA-ch U18 "]
[Site "Agen"]
[Date "2018.04.17"]
[Round "4"]
[White "Heliot, Xabi"]
[Black "Laurent Paoli, Pierre"]
[Result "1/2-1/2"]
[WhiteElo "2160"]
[BlackElo "2355"]
[PlyCount "104"]
[EventDate "2018.04.15"]
[EventType "swiss"]
[EventRounds "9"]
[EventCountry "FRA"]
[SourceTitle "EXT 2019"]
[Source "ChessBase"]
[SourceDate "2018.10.10"]
[SourceVersion "1"]
[SourceVersionDate "2018.10.10"]
[SourceQuality "1"]

1. c4 e5 2. g3 Nc6 3. Bg2 Bc5 4. Nc3 d6 5. e3 a6 6. Nge2 h5 7. d4 Ba7 8. h3 h4 9. g4 f5 10. gxf5 Bxf5 11. e4 Bd7 12. Be3 exd4 13. Nxd4 Nxd4 14. Bxd4 Qg5 15. Bf3 Bxd4 16. Qxd4 Nf6 17. Qd2 Qxd2+ 18. Kxd2 0-0 19. Ke3 Rae8 20. Nd5 Nxd5+ 21. cxd5 c6 22. Rhd1 Rf6 23. Bg4 Bxg4 24. hxg4 Ref8 25. dxc6 Rf3+ 26. Kd4 bxc6 27. Rac1 h3 28. Rc3 Rxf2 29. Rxh3 Rxb2 30. Ra3 Rb6 31. Ke3 Rf6 32. Rb3 Rxb3+ 33. axb3 Re6 34. Kf4 Kf7 35. Ra1 d5 36. exd5 cxd5 37. Ra5 Rb6 38. Rxd5 Rxb3 39. Rd7+ Kg8 40. Ra7 Rb6 41. Kf5 Rf6+ 42. Kg5 Kh7 43. Kh5 Rh6+ 44. Kg5 Rb6 45. Kh5 Rb5+ 46. g5 a5 47. Rc7 Rd5 48. Ra7 Re5 49. Rb7 Rc5 50. Ra7 Rb5 51. Rc7 Rd5 52. Ra7 Rb5 1/2-1/2

[Event "FRA-ch U18"]
[Site "Belfort"]
[Date "2017.04.16"]
[Round "3.2"]
[White "Laurent Paoli, Pierre"]
[Black "Heliot, Xabi"]
[Result "1/2-1/2"]
[WhiteElo "2298"]
[BlackElo "2081"]
[PlyCount "62"]
[EventDate "2017.04.16"]
[EventType "swiss"]
[EventRounds "9"]
[EventCountry "FRA"]
[SourceTitle "EXT 2019"]
[Source "ChessBase"]
[SourceDate "2018.10.10"]
[SourceVersion "1"]
[SourceVersionDate "2018.10.10"]
[SourceQuality "1"]

1. d4 Nf6 2. Bg5 e6 3. e4 h6 4. Bxf6 Qxf6 5. c3 d6 6. Bd3 e5 7. Ne2 Nc6 8. 0-0 g5 9. Na3 Bd7 10. Nc2 h5 11. Ne3 Ne7 12. Qb3 0-0-0 13. a4 g4 14. f4 Bh6 15. Nf5 Nxf5 16. exf5 exf4 17. Nxf4 Bxf4 18. Rxf4 Rde8 19. Raf1 Re7 20. Bc4 Rhe8 21. a5 Bc6 22. a6 b6 23. Bd5 Bxd5 24. Qxd5 Qg5 25. Qc4 f6 26. d5 Re1 27. g3 h4 28. Qc6 hxg3 29. Qa8+ Kd7 30. Qc6+ Kc8 31. Qa8+ Kd7 1/2-1/2

[Event "San Sebastian Gros op 25th"]
[Site "San Sebastian"]
[Date "2015.06.27"]
[Round "2"]
[White "Heliot, Xabi"]
[Black "Romero Holmes, Alfonso"]
[Result "0-1"]
[WhiteElo "1846"]
[BlackElo "2469"]
[PlyCount "53"]
[EventDate "2015.06.26"]
[EventType "swiss"]
[EventRounds "9"]
[EventCountry "ESP"]
[SourceTitle "CBM 167 Extra"]
[Source "ChessBase"]
[SourceDate "2015.09.14"]
[SourceVersion "1"]
[SourceVersionDate "2015.09.14"]
[SourceQuality "1"]

1. c4 b6 2. Nf3 Bb7 3. d4 e6 4. g3 Bb4+ 5. Bd2 Bxf3 6. exf3 Bxd2+ 7. Qxd2 Nf6 8. Nc3 d5 9. c5 bxc5 10. dxc5 Nbd7 11. Rc1 0-0 12. Be2 Rb8 13. 0-0 c6 14. Na4 e5 15. b4 Qe7 16. Nb2 Rfd8 17. b5 Rdc8 18. a4 Nxc5 19. Qb4 cxb5 20. axb5 Rc7 21. Rc2 Ne6 22. Qxe7 Rxe7 23. Rfc1 Nd4 24. Rc8+ Rxc8 25. Rxc8+ Re8 26. Rxe8+ Nxe8 27. Bf1 0-1